Sports Quiz

Random Sports or NFL Quiz

NFL Single Season Passer Rating Leaders Quiz Stats

 Plays Quiz not verified by Sporcle

Score 0/70 Timer 07:00
0 Plays Today
Rating Quarterback % Correct
101.5Peyton Manning
99.1%
101.0Peyton Manning
99.1%
121.1Peyton Manning
98.9%
115.1Peyton Manning
98.9%
105.8Peyton Manning
98.6%
117.2Tom Brady
96.2%
111.0Tom Brady
96.2%
104.1Peyton Manning
94.3%
122.5Aaron Rodgers
94%
122.2Aaron Rodgers
94%
101.2Aaron Rodgers
93.6%
105.6Tom Brady
93.2%
104.9Aaron Rodgers
91.8%
112.4Joe Montana
90.5%
103.2Aaron Rodgers
90.5%
104.8Drew Brees
90.2%
104.7Drew Brees
89.9%
112.8Steve Young
89.6%
110.6Drew Brees
89.6%
109.6Drew Brees
89.6%
101.5Steve Young
89.6%
101.1Steve Young
89.6%
101.8Steve Young
89.4%
108.0Aaron Rodgers
89.1%
108.9Dan Marino
88.6%
107.0Steve Young
88.6%
102.9Joe Montana
88.6%
107.2Brett Favre
88.3%
104.7Steve Young
87.2%
102.1Joe Montana
86.1%
105.5Philip Rivers
81.2%
102.5Tony Romo
80.1%
113.2Tony Romo
79.6%
103.3Ben Roethlisberger
79.6%
101.8Philip Rivers
79%
Rating Quarterback % Correct
100.5Ben Roethlisberger
78.9%
105.5Philip Rivers
78.2%
104.4Philip Rivers
77.7%
101.4Kurt Warner
76.6%
104.1Ben Roethlisberger
76.3%
101.2Russell Wilson
74.6%
100.0Russell Wilson
74.6%
109.2Kurt Warner
73.8%
104.7Donovan McNabb
72.5%
110.9Daunte Culpepper
64.9%
101.1Carson Palmer
61.3%
101.2Jim Kelly
61%
100.4Steve McNair
56.4%
104.8Roger Staubach
55%
106.0Randall Cunningham
52.6%
100.2Michael Vick
47.4%
102.9Brian Griese
46%
119.2Nick Foles
45.8%
101.6Vinny Testaverde
45.1%
103.4Ken Stabler
44.1%
110.4Milt Plum
43.9%
101.8Trent Green
43.3%
105.0Bart Starr
42.5%
104.2Chad Pennington
42.5%
101.7Len Dawson
35.7%
104.8Y.A. Tittle
33.8%
102.5Bert Jones
33.2%
102.2David Garrard
28.6%
109.2Otto Graham
27.2%
100.7Jim Harbaugh
26%
100.9Chris Chandler
22%
107.5Sid Luckman
19.6%
109.0Josh McCown
14.2%
102.4Robert Griffin III
8.4%
102.9Frankie Albert
7.9%

You're not logged in!

Compare scores with friends on all Sporcle quizzes.
OR
Log In

Sporcle TV

Today on Sporcle TV


Watch our educational content, quiz creation guides, and fun videos on Sporcle TV.

Show Comments

Extras

Top Quizzes Today


Score Distribution

Your Account Isn't Verified!

In order to create a playlist on Sporcle, you need to verify the email address you used during registration. Go to your Sporcle Settings to finish the process.

Report this User

Report this user for behavior that violates our Community Guidelines.

Details: